| 000 | 01354nam a2200265Ia 4500 | ||
|---|---|---|---|
| 999 |
_c43917 _d43917 |
||
| 001 | 10666 | ||
| 003 | GE_BSU | ||
| 005 | 20220228122507.0 | ||
| 008 | 181216s2007||||ge |||||||||||||| ||geo|| | ||
| 020 | _a9789994002931 | ||
| 040 | _cGE_BSU | ||
| 041 | _ageo | ||
| 080 | _a37+373.3/5 პ–66 | ||
| 100 |
_aპოსტმანი, ნილ. _913568 |
||
| 245 |
_aგანათლების მიზანი = The End of Education : _bსკოლის მნიშვნელობის გადაფასება / _c ნილ პოსტმანი ; [თარგმნა ლელა პაპიაშვილმა ; რედ. ნინო ჭიაბრიშვილი]. |
||
| 250 | _aპირველი ქართული გამოცემა. | ||
| 264 |
_aთბილისი: _bი. ჭავჭავაძის სახელმწ. უნ-ტის გამ-ბა, _c2007. |
||
| 300 |
_a188 გვ.; _b28 სმ. |
||
| 500 | _aშენიშვნ.: გვ. 182-184. | ||
| 653 | _aგანათლება | ||
| 653 | _aსასკოლო განათლება | ||
| 700 |
_aპაპიაშვილი, ლელა _eმთარგმნელი _913569 |
||
| 700 |
_aჭიაბრიშვილი, ნინო _eრედაქტორი _913570 |
||
| 942 |
_cBK _2udc |
||